000 00934cam a22003251 4500
001 45676
005 20230410124128.0
008 740624s1947 nyua b 000 0 eng
010 _a 48000719
035 _a(OCoLC)ocm00927691
040 _aDLC
_cRIU
_dDLC
_dSER
_dUBA
_dNLGGC
_dOCLCQ
029 1 _aNLGGC
_b101093039
029 1 _aNZ1
_b5494472
035 _a(OCoLC)927691
050 1 4 _aN 85
_bL917c 1947
082 0 0 _a707
049 _aGRAL
100 1 _aLowenfeld, Viktor.
245 1 0 _aCreative and mental growth;
_ba textbook on art education /
_cViktor Lowenfeld.
260 _aNew York :
_bMacmillan Co.,
_c1947.
300 _axiv, 304 p.
_billus.
_c24 cm.
504 _aBibliography: p. 287-293.
650 0 _aArt
_xStudy and teaching.
650 0 _aCreation (Literary, artistic, etc.)
650 0 _aArt
_xPsychology.
650 0 _aChild artists.
942 _2lcc
_cbk
946 _amfcruz
994 _aC0
_bDRFGD
999 _c71555
_d71555